Statystyki dla Polscy Władcy - wersja kompletna

Kliknij tutaj aby rozwiązać quiz!

Ogólne statystyki

  • Ten quiz został rozwiązany 177 razy
  • Średni wynik to 62 z 103

Statystyki odpowiedzi

OkresWładcaLata panowania% Poprawnych
Dynastia PiastówBolesław I Chrobry992-1025
97%
Dynastia PiastówMieszko Iok. 960-992
96%
Dynastia PiastówMieszko II Lambert1025-1031
93%
Dynastia PiastówMieszko II Lambert1032-1034
93%
Powrót Kr. PolskiegoKazimierz III Wielki1333-1370
90%
Dynastia JagiellonówWładysław II Jagiełło1386-1434
90%
Dynastia PiastówKazimierz I Odnowiciel1034-1058
89%
Dynastia PiastówBolesław III Krzywousty1102-1138
87%
Księstwo KrakowskieWładysław I Łokietek1289-1289
87%
Powrót Kr. PolskiegoWładysław I Łokietek1306-1333
87%
Dynastia AndegawenówJadwiga Andegaweńska1384-1399
86%
Dynastia PiastówWładysław I Herman1079-1102
86%
III RzeczpospolitaAndrzej Duda2015-dziś(09.2023)
85%
Dynastia PiastówBolesław II Śmiały1058-1079
85%
Dynastia JagiellonówZygmunt II August1548-1572
85%
Dynastia JagiellonówZygmunt I Stary1506-1548
85%
III RzeczpospolitaLech Wałęsa1990-1995
82%
Dynastia JagiellonówWładysław III Warneńczyk1434-1444
81%
Rozbicie dzielnicoweMieszko III Stary1191-1191
80%
Rozbicie dzielnicoweMieszko III Stary1198-1199
80%
Rozbicie dzielnicoweMieszko III Stary1199-1202
80%
Rozbicie dzielnicoweMieszko III Stary1173-1177
80%
III RzeczpospolitaBronisław Komorowski2010-2015
79%
III RzeczpospolitaLech Kaczyński2005-2010
79%
Królowie elekcyjniStanisław August Poniatowski1763-1795
79%
III RzeczpospolitaAleksander Kwaśniewski1995-2005
78%
Królowie elekcyjniJan III Sobieski1674-1696
78%
II RzeczpospolitaJózef Piłsudski1918-1922
78%
Królowie elekcyjniStanisław Leszczyński1704-1709
78%
Królowie elekcyjniStanisław Leszczyński1733-1736
78%
Rozbicie dzielnicoweKazimierz II Sprawiedliwy1191-1194
75%
Rozbicie dzielnicoweKazimierz II Sprawiedliwy1177-1191
75%
Dynastia JagiellonówKazimierz IV Jagiellończyk1447-1492
75%
Dynastia JagiellonówJan I Olbracht1492-1501
74%
PRLWojciech Jaruzelski1985-1990
74%
Królowie elekcyjniStefan Batory1576-1586
73%
Królowie elekcyjniJan II Kazimierz Waza1648-1668
72%
Królowie elekcyjniZygmunt III Waza1587-1632
72%
Dynastia JagiellonówAleksander I Jagiellończyk1501-1506
71%
Księstwo KrakowskieBolesław II Mazowiecki1288-1288
71%
Księstwo KrakowskieBolesław II Mazowiecki1289-1289
71%
Królowie elekcyjniHenryk III Walezy1573-1575
71%
Królowie elekcyjniWładysław IV Waza1632-1648
71%
II RzeczpospolitaGabriel Narutowicz14.12.1922-16.12.1922
69%
Dynastia PiastówBezprym1031-1032
68%
Księstwo KrakowskieWładysław III Laskonogi1228-1229
68%
Rozbicie dzielnicoweWładysław III Laskonogi1202-1206
68%
RP (1944-1952)Bolesław Bierut1947-1952
67%
Królowie elekcyjniAugust III Sas1733-1763
64%
Królowie elekcyjniAugust II Mocny1709-1733
64%
Królowie elekcyjniAugust II Mocny1697-1704
64%
Dynastia AndegawenówLudwik I Węgierski1370-1382
64%
Królowie elekcyjniMichał Korybut Wiśniowiecki1669-1673
64%
Królowie elekcyjniAnna Jagiellonka1575-1586
63%
Rozbicie dzielnicoweBolesław IV Kędzierzawy1146-1173
63%
Księstwo KrakowskieBolesław II Rogatka1241-1241
61%
II RzeczpospolitaIgnacy Mościcki1926-1939
59%
Powrót Kr. PolskiegoPrzemysł II1295-1296
59%
Księstwo KrakowskiePrzemysł II1290-1291
59%
Królestwo PolskieAleksander I1815-1825
58%
Rozbicie dzielnicoweHenryk I Brodaty1225-1225
56%
Księstwo KrakowskieHenryk I Brodaty1232-1238
56%
Królestwo PolskieAleksander II1855-1881
55%
Królestwo PolskieMikołaj I1825-1855
55%
Królestwo PolskieMikołaj II1894-1917
55%
Rozbicie dzielnicoweLeszek I Biały1206-1210
54%
Rozbicie dzielnicoweLeszek I Biały1199-1199
54%
Rozbicie dzielnicoweLeszek I Biały1194-1198
54%
Rozbicie dzielnicoweLeszek I Biały1211-1225
54%
Rozbicie dzielnicoweLeszek I Biały1225-1227
54%
Rozbicie dzielnicoweWładysław II Wygnaniec1138-1146
54%
Księstwo KrakowskieKonrad I Mazowiecki1229-1232
53%
Księstwo KrakowskieKonrad I Mazowiecki1241-1243
53%
Dynastia PiastówZbigniew1102-1107
53%
Księstwo KrakowskieHenryk II Pobożny1238-1241
51%
Księstwo KrakowskieWacław II1291-1300
49%
Powrót Kr. PolskiegoWacław II1300-1305
49%
Królestwo PolskieAleksander III1881-1894
48%
Księstwo KrakowskieBolesław V Wstydliwy1243-1279
47%
Księstwo KrakowskieLeszek II Czarny1279-1288
47%
Powrót Kr. PolskiegoWacław III1305-1306
47%
Rozbicie dzielnicoweMieszko IV Plątonogi1210-1211
46%
II RzeczpospolitaStanisław Wojciechowski1922-1926
46%
Generalne GubernatorstwoHans Frank1939-1945
45%
Rząd RP na uchodźstwieRyszard Kaczorowski1989-1990
42%
Księstwo KrakowskieHenryk IV Prawy1289-1290
32%
Księstwo KrakowskieHenryk IV Prawy1288-1289
32%
Księstwo WarszawskieFryderyk August I1807-1815
31%
PRLJózef Cyrankiewicz1970-1972
30%
Rząd RP na uchodźstwieEdward Śmigły-Rydz1.09.1939-25.09.1939
26%
II RzeczpospolitaMaciej Rataj15.05.1926-4.06.1926
26%
II RzeczpospolitaMaciej Rataj16.12.1922-20.12.1922
26%
PRLEdward Ochab1964-1968
25%
Rząd RP na uchodźstwieWładysław Raczkiewicz1939-1947
25%
PRLHenryk Jabłoński1972-1985
14%
Rząd RP na uchodźstwieKazimierz Sabbat1986-1989
14%
Rząd RP na uchodźstwieAugust Zaleski1947-1972
13%
Rząd RP na uchodźstwieEdward Bernard Raczyński1979-1986
11%
PRLAleksander Zawadzki1952-1964
10%
Rząd RP na uchodźstwieBolesław Wieniawa-Długoszowski25.09.1939-29.09.1939
8%
PRLMarian Spychalski1968-1970
8%
RP (1944-1952)Władysław Kowalski4.02.1947-5.02.1947
8%
Rząd RP na uchodźstwieStanisław Ostrowski1972-1979
6%

Rozkład punktacji

Percentyl według liczby udzielonych odpowiedzi

Procent ludzi z każdym wynikiem

Twoja historia wyników

Nie rozwiązałeś tego quizu